000 00820nam0a22002411 4500
001 rc\575484
005 20031121162729.9
035 _a(NLR Aleph) 005823569
090 _a5505299
_c5505299
100 _a20031121d1987 u |0rusy50 ca
101 0 _arus
102 _aRU
105 _aa |||||||||
200 1 _aОгненное предзимье
_eПовесть о Степане Разине
_fВячеслав Усов
_g[Худож. И.С. Смирнов]
210 _aМ.
_cПолитиздат
_d1987
215 _a333, [1] с., [7] л. цв. ил.
_d17
225 1 _aПламенные революционеры
700 1 _aУсов
_bВ. А.
_f1936-
_gВячеслав Александрович
801 0 _aRU
_bNLR
_gpsbo
801 1 _aRU
_bELAR
_2rusmarc
852 _aNLR
_j87-2/213
942 _cBOOK
980 _aNB